LEADER 01075nam0-22003731--450- 001 990009179490403321 005 20140909161736.0 010 $a8475170080 035 $a000917949 035 $aFED01000917949 035 $a(Aleph)000917949FED01 035 $a000917949 100 $a20100429d1981----km-y0itay50------ba 101 0 $aspa 102 $aES 105 $ay-------001yy 200 1 $aHistoria critica de la inquisicion en Espana$fJuan Antonio Llorente 205 $a2. ed 210 $aMadrid$cHiperion$d1981 215 $a4 v.$d20 cm 225 1 $aLibros Hiperion$v42/45 300 $aIn custodia 676 $a270.5$v11 rid.$zita 700 1$aLlorente,$bJuan Antonio$f<1756-1823>$0329775 801 0$aIT$bUNINA$gRICA$2UNIMARC 901 $aBK 912 $a990009179490403321 952 $aSDI-KB2 189 (I)$b2704$fSDI 952 $aSDI-KB2 189 (II)$b2704$fSDI 952 $aSDI-KB2 189 (III)$b2704$fSDI 952 $aSDI-KB2 189 (IV)$b2704$fSDI 959 $aSDI 996 $aHistoria critica de la inquisicion en Espana$9779584 997 $aUNINA LEADER 02261nam0 2200469 i 450 001 VAN0125154 005 20230630092333.144 017 70$2N$a9789811320958 100 $a20191031d2018 |0itac50 ba 101 $aeng 102 $aSG 105 $a|||| ||||| 200 1 $aMathematics and computing$eICMC 2018, Varanasi, India, January 9-11, Selected Contributions$fDebdas Ghosh ... [et al.] editors 210 $aSingapore$cSpringer$d2018 215 $axviii, 470 p.$cill.$d24 cm 410 1$1001VAN0102574$12001 $aSpringer proceedings in mathematics & statistics$1210 $aBerlin [etc.]$cSpringer$v253 500 1$3VAN0236364$aMathematics and computing : ICMC 2018, Varanasi, India, January 9-11, Selected Contributions$91522892 606 $a94-XX$xInformation and communication theory, circuits [MSC 2020]$3VANC019701$2MF 606 $a35-XX$xPartial differential equations [MSC 2020]$3VANC019763$2MF 606 $a65-XX$xNumerical analysis [MSC 2020]$3VANC019772$2MF 606 $a76-XX$xFluid mechanics [MSC 2020]$3VANC019858$2MF 606 $a90-XX$xOperations research, mathematical programming [MSC 2020]$3VANC025650$2MF 610 $aComputational Fluid Mechanics$9KW:K 610 $aCryptology$9KW:K 610 $aFuzzy set theory$9KW:K 610 $aImage processing$9KW:K 610 $aNumerical Analysis$9KW:K 610 $aOperations Research$9KW:K 610 $aProbability and Statistics$9KW:K 610 $aSoft Computing$9KW:K 620 $aSG$dSingapore$3VANL000061 702 1$aGhosh$bDebdas$3VANV096613 712 12$aInternational Conference on Mathematics and Computing$f2018$eVaranasi, India$3VANV096614 712 $aSpringer $3VANV108073$4650 801 $aIT$bSOL$c20240614$gRICA 856 4 $uhttp://doi.org/10.1007/978-981-13-2095-8$zE-book ? Accesso al full-text attraverso riconoscimento IP di Ateneo, proxy e/o Shibboleth 899 $aBIBLIOTECA DEL DIPARTIMENTO DI MATEMATICA E FISICA$1IT-CE0120$2VAN08 912 $fN 912 $aVAN0125154 950 $aBIBLIOTECA DEL DIPARTIMENTO DI MATEMATICA E FISICA$d08CONS e-book 1242 $e08eMF1242 20191031 996 $aMathematics and computing$91522892 997 $aUNICAMPANIA